Cumhurbaşkanı sayın Süleyman Demirel'in çeşitli televizyon kanallarında yayınlanan mülakatları (Record no. 10313)
[ view plain ]
| 000 -BAŞLIK | |
|---|---|
| Sabit Uzunlukta Kontrol Alanı | 00776na a2200229 4500 |
| 001 - KONTROL NUMARASI | |
| Denetim Alanı | 23668 |
| 003 - KONTROL NUMARASI IDENTIFIER | |
| Denetim Alanı | MIRAKIL |
| 005 - SON İŞLEM TARİHİ VE ZAMANI | |
| Denetim Alanı | 20181213155314.0 |
| 008 - SABİT-BOY VERİ ELEMANLARI - GENEL BİLGİLER | |
| Sabit Uzunlukta Kontrol Alanı | 171124b tu 000 0 |
| 020 ## - ULUSLARARASI STANDART KİTAP NUMARASI | |
| Uluslararası Standart Kitap Numarası | 9759697424 |
| 040 ## - KATALOGLAMA KAYNAK | |
| Orijinal Kataloglama Ajansı | Milas |
| Kataloglama Dili | tur |
| Metne Dönüştürmek Ajansı | TR-AnCHP |
| 041 ## - DİL KODU | |
| Metin / Ses Parça Veya Ayrı Başlığın Dil Kodu | tur |
| 082 ## - DEWEY ONLU SINIFLANDIRMA NUMARASI | |
| Sınıflandırma Numarası | 923.156 Demirel,S. |
| Ürün Numarası | D25c 1999 |
| 090 ## - SINIFLAMA NUMARASI | |
| Sınıflama Numarası | 923.156 Demirel,S. D25c 1999 |
| 100 ## - ANA GİRİŞ - KİŞİSEL İSİM | |
| Kişisel Ad | Demirel,Süleyman |
| 245 ## - BAŞLIK TABLOSU | |
| Başlık | Cumhurbaşkanı sayın Süleyman Demirel'in çeşitli televizyon kanallarında yayınlanan mülakatları |
| Sorumluluk Tablosu, Vb | Süleyman Demirel |
| 260 ## - YAYIN, DAĞITIM, VB | |
| Yayın, Dağıtım, Vb Yeri | Ankara |
| Yayıncı, Dağıtıcı, Vs Adı | Başbakanlık Basımevi |
| Yayın, Dağıtım, Vb Tarihi | 1999 |
| 300 ## - FİZİKSEL TANIM | |
| Kapsam | 348 s. |
| Boyutlar | 29 sm. |
| 600 ## - KONU KATMA GİRİŞ - KURUMSAL ADI | |
| Kişisel Ad | Demirel,Süleyman |
| Genel Alt Bölümü | Televizyonda siyaset |
| 600 ## - KONU KATMA GİRİŞ - KURUMSAL ADI | |
| Kişisel Ad | Demirel,Süleyman |
| Başlıklar Ve Bir Adla İlişkili Diğer Kelimeler | Cumhurbaşkanı |
| Bir Adıyla İlişkilendirilen Tarihler | 1924 - 2015 |
| Genel Alt Bölümü | Söylev ve demeçler |
| 942 ## - EKLENDİ GİRİŞ ELEMANLARI (KOHA) | |
| Sınıflandırma Veya Raf Düzeni Kaynak | |
| Koha Öğesi Türü | Books |
| 999 ## - SİSTEM KONTROL NUMARALARI (KOHA) | |
| Koha Biblionumber | 10313 |
| Koha Biblioitemnumber | 10313 |
| Kalıcı Konum | Mevcut Konum | Edinme Tarihi | Edinim Kaynak | Toplam Check-Out'Lar | Tam Çağrı Numarası | Barkod | Tarih Son Görülme | İtibaren Geçerli Fiyatlar | Koha Öğesi Türü |
|---|---|---|---|---|---|---|---|---|---|
| CHP Kütüphanesi | CHP Kütüphanesi | 11/24/2017 | Bağış | 923.156 Demirel,S. D25c 1999 | 017664 | 11/24/2017 | 11/24/2017 | Books |
